PSG - Premier 11 de Mauricio Pochettino - Statistiques

Statistiques générales
  • Ce quiz a été pris 65 fois
  • Le résultat moyen est 15 sur 21
Statistiques - réponses
Poste occupé Nationalité Joueur % Correct
Gardien Costa Rica Keylor Navas
100%
Défenseur central Brésil Marquinhos
98%
Milieu relayeur Sénégal Idrissa Gueye
95%
Ailier droit Argentine Angel Di Maria
93%
Ailier gauche France Kylian Mbappé
93%
Milieu défensif Italie Marco Verratti
93%
Défenseur central Allemagne Thilo Kehrer
88%
Remplaçant (milieu offensif) Allemagne Julian Draxler
87%
Attaquant Italie Moise Kean
85%
Entraineur Argentine Mauricio Pochettino
83%
Remplaçant (gardien) Espagne Sergio Rico
73%
Latéral gauche Pays Bas Mitchel Bakker
72%
Remplaçant (défenseur central) Sénégal Abdou Diallo
70%
Latéral droit France Colin Dagba
68%
Remplaçant (milieu offensif) Espagne Pablo Sarabia
67%
Remplaçant (milieu offensif) Maroc Kays Ruiz Atil
65%
Remplaçant (milieu offensif) Pays Bas Xavi Simons
60%
Remplaçant (gardien) France Alexandre Letellier
52%
Milieu relayeur Espagne Ander Herrera
45%
Remplaçant (latéral droit) France Timothée Pembélé
15%
Remplaçant (milieu offensif) France Bandiougou Fadiga
5%
Aucun quiz correspondant
Distribution des résultats
% des personnes avec chaque résultat
Percentile par nombre de réponses
Votre historique - résultats
Vous n’avez pas pris ce quiz